000 01042nam a2200301 i 4500
001 114893
003 ES-MaACL
005 20250831075748.0
007 t|
008 070208s1966 sp ||||1| spa d
080 _a282:29]:262.5 Vat. II
111 2 _aConcilio Vaticano (
_n2º.
_d1962-1965)
_9122
240 1 0 _aNostra aetate
245 1 0 _aDeclaración sobre la actitud de la Iglesia hacia las religiones no cristianas /
_cintroducción, Tommaso Federici.
250 _a1ª ed.
260 _aBarcelona :
_bEstela,
_c1966.
300 _a44 p. ;
_c20 cm.
490 1 _aDocumentos del Concilio Vaticano II
490 1 _aColección Mens Petri ;
_v12
546 _aTexto en español y latín.
610 2 4 _aIglesia Católica
_94639
650 7 _aIglesia Católica y otras religiones
_2embne
_9156546
700 1 _aFederici, Tommaso.
_949065
830 0 _aDocumentos del Concilio Vaticano II
_9185802
830 0 _aColección Mens Petri ;
_v12
_9185803
852 _aES-MaACL
_jC-56633
999 _c114893
_d114893